000 00660nam a2200217Ia 4500
003 GCL
008 140319s9999 xx 000 0 ara d
040 _aGCL /
_cGCL
082 0 4 _a810.9962
_bج ا
100 1 _aجابر قميحة
245 1 0 _aالادب الحديث بين عمالة الموضوعية وجناية التطرنى /
_cجابر قميحة
260 _a[S.N] :
_bالدار المصرية اللبنانية ،
_c1992
300 _a368 ص
490 _a
650 0 4 _aالادب العربى
650 0 4 _aالعصر الحديث
650 0 4 _aالنقد
650 0 4 _aمصر
650 0 4 _aتاريخ ونقد
942 _2ddc
_cBK
999 _c31758
_d31758